[Event "EU-Cup 21st"]
[Site "Saint Vincent"]
[Date "2005.09.19"]
[Round "2.2"]
[White "Mchedlishvili, Mikheil"]
[Black "Gallagher, Joseph G"]
[Result "1/2-1/2"]
[WhiteElo "2549"]
[BlackElo "2544"]
[Annotator "Hazai,L"]
[PlyCount "100"]
[EventDate "2005.09.18"]
[EventType "team-swiss"]
[EventRounds "7"]
[EventCountry "ITA"]
[SourceTitle "CBM 110"]
[Source "ChessBase"]
[SourceDate "2006.01.31"]
[SourceVersion "1"]
[SourceVersionDate "2006.01.31"]
[SourceQuality "1"]
[WhiteTeam "Tbilisi"]
[BlackTeam "Biel"]
[WhiteTeamCountry "GEO"]
[BlackTeamCountry "SUI"]

1. d4 Nf6 2. Nf3 g6 3. Bg5 Bg7 4. Nbd2 O-O 5. e4 (5. c3 d6 6. e4 {is the
precise move order, if White wants to avoid 5...d5.}) 5... d6 (5... d5 $1 6.
exd5 (6. e5 Ne4 $132) 6... Nxd5 $11) 6. c3 {White is not playing actively
enough to gain the maximum space in the [+]. This setup is solid, safe, but
cannot yield a real advantage for White.} h6 {Now the white B has to leave the
important c1-h6 /^.} 7. Bh4 Qe8 {Black is preparing for e7-e5 leaving the pin
on the h4-d8 /^.} 8. Be2 e5 (8... Nh5 9. O-O ({Withdrawing deliberately the B
by} 9. Bg3 {cannot be recommended.} e5 10. dxe5 dxe5 11. O-O Nd7 12. Re1 Nc5
13. Bf1 Bg4 14. h3 $6 Nxg3 15. fxg3 Bd7 16. Qc2 a5 17. Rad1 Bc6 $15 {
Lisovskaya-Sax, Budapest 1996}) 9... e5 (9... Nf4 {- Utkin-Karasev, St.
Petersburg ch 2001 CBM 83.}) 10. dxe5 dxe5 {- 8...e5}) 9. dxe5 dxe5 10. O-O Nh5
(10... Nc6 {The N on c6 has no perspectives here} 11. Qc2 Nh5 12. Rfe1 g5 {
This seriously weakens >< f5.} 13. Bg3 Nf4 14. Bf1 Qe7 15. Nc4 {/\ Ne3 ><d5,
f5.} Bg4 16. Nfd2 h5 17. Ne3 Be6 18. Rad1 Qf6 19. Ndc4 Ne7 20. Nd5 $1 $14 {
Bischoff-Jo.Horvath, Graz 1987}) (10... Nbd7 11. Re1 Nh5 {- 10...Nh5}) 11. Re1
Nd7 (11... Nf4 12. Bf1) (11... Be6 {looks more active.} 12. Nc4 (12. Qc2 Nd7
13. Nc4 f6 {Now the h4 B is completely out of play, while the g7 one can
control later the f8-a3 /^.} 14. Nfd2 Nf4 15. Bf1 Qf7 16. Ne3 Rfd8 17. b4 Bf8
18. f3 a5 19. a3 Nb6 $132 {Wang Rui-Petronic, Tianjin 2001}) 12... Nd7 13. Nfd2
$5 (13. Bf1 $6 f6 {/\ Qf7} 14. Nfd2 Qf7 $11 15. b4 Rfe8 16. Ne3 {1/2-1/2
Delemarre-Reschke, Schoeneck 1996}) (13. b4 $5 {Tyomkin}) 13... Nf4 14. Bf1 Nc5
{attacking >< d3} 15. Qc2 (15. b4 {Tyomkin} Ncd3 16. Re3 g5 $5 17. Bxd3 (17.
Bg3 Rd8 {with a strong N on d3.}) 17... gxh4 $132) 15... a5 16. Ne3 (16. a4 $6
g5 17. Bg3 Qc6 $132) 16... b5 17. b4 (17. Nb3 Qc6 18. f3 a4 19. Nxc5 Qxc5 20.
Bf2 Qc6 $11) 17... Na4 18. Nb3 axb4 19. cxb4 c6 {(Tyomkin-Ilincic, EUCup final
1999 CBM 69 Inf.75/(51))} 20. Rac1 $1 {Tyomkin} Ra6 21. Red1 Qb8 22. Be7 Rc8
23. Bd6 Qa8 $11) 12. Qc2 (12. Nc4 $5 Nc5 13. Bf1 a5 14. Nfd2 Nf4 15. Nb3 Na4
16. Qc2 b6 {Now the N on a4 is completely out of play.} 17. Rad1 Qc6 18. Na3
Ba6 19. Bxa6 Rxa6 20. Bg3 $14 {Kovacevic-Gallagher, Baku 1988}) 12... Nb6 (
12... Nf4 13. Bf1 Nc5 {is the other way to develop the N.} 14. b4 Qa4 15. Qb1
$1 Nce6 {The black knights look impressive...} 16. Nc4 f6 17. Qb3 Qxb3 18. axb3
Ng5 $13 {and White's main problem, the h4 B remains.}) 13. b4 (13. a4 {/\ a5}
a5 (13... Be6 $5 {allows} 14. a5 {but the N can come back to d6.} Nc8 15. Nc4
f6) 14. Bb5 Qe6 $1 $13 (14... c6 {can be a successful provocation after} 15.
Nc4 $1 (15. Bf1 Be6) 15... Nxc4 (15... Nd7 16. Nd6 $14) 16. Bxc4 Be6 17. Qb3
Bxc4 18. Qxc4 g5 19. Bg3 {/\ Nd2-f1-e3 >< f5} Qe7 20. Rad1 Rfd8 21. Nd2 $14))
13... Nf4 14. Bf1 Bg4 (14... Bd7 {immediately was possible.}) 15. h3 {This is
what Black wanted to provoke.} (15. a4 {at least gets the pawns on the <<
moving ahead.}) 15... Bd7 (15... Be6 {allows} 16. a4) 16. Nb3 Nh5 {This looks
as an unnecessary retreat.} (16... Ba4 17. Rad1 (17. Nfd2 a5) 17... f6 {
killing the h4 B.}) 17. Nfd2 (17. Nc5) 17... f5 (17... g5 18. Bg3 Nxg3 19. fxg3
f5 20. exf5 Bxf5 21. Bd3 {the fight for the blockading square >< e4 begins.}
Bxd3 22. Qxd3 Rd8 23. Qe2 Nd5 24. Ne4 $14 {The fianchettoed B remains passive
against the excellent blockading N on e4.}) 18. Nc5 (18. f3 {/\ Bf2 finally
revitalize the helf-dead B.}) 18... g5 19. Nxd7 {This is a favourable exchange
for White, the light squares may begin to tell later.} Nxd7 (19... Qxd7 20. Bg3
f4 21. Bh2 g4 22. hxg4 Qxg4 23. Nf3 Kh8 $13 {because the h2 B is still awkward.
}) 20. Bg3 f4 {forcing the B to an even more passive position.} (20... Nxg3 $2
21. fxg3 f4 22. g4 $16 {is out of question, the ^- clearly favours White.}) 21.
Bh2 Nhf6 22. g4 (22. Nf3 Kh8 23. Rad1 g4 24. hxg4 Nxg4 $132) 22... fxg3 (22...
h5 23. f3 {/\ Kg2, Bg1 finally freeing the entombbed B.}) 23. fxg3 g4 {
otherwise g4 comes.} 24. Nc4 Qg6 25. Rad1 Rad8 26. h4 (26. Na5 Rb8 27. hxg4
Qxg4 (27... Nb6 28. c4 Nxg4 29. c5) 28. Be2 Qg6 29. Rf1 Nb6 30. Bf3 {and still
White is far from freeing his B by Bg1.}) 26... a6 (26... Nh5 27. Ne3) (26...
Kh8 27. Kg2 Ne8 28. Bg1 {and the B has a second life now.}) 27. Bg2 (27. Na5
Rb8 (27... Nh5 28. Kg2 Nf4+ $2 {is not correct here:} 29. gxf4 exf4 30. Nxb7
f3+ 31. Kh1 g3 32. Nxd8 f2 33. Bc4+ Kh8 34. Rg1 $18) 28. Kg2 Nb6 29. Bg1 Nh5
30. Bf2 Kh8 $13) 27... Ne8 (27... Kh8 {looked more flexible.}) 28. Ne3 Kh8 (
28... Nd6 {is already answered by} 29. Nd5) 29. Nd5 (29. Qe2 h5) (29. Nf5 Nd6
30. Nxd6 cxd6) 29... Qe6 30. Qb3 (30. Kh1) 30... Ndf6 31. c4 (31. Kh1) 31... c6
32. Ne3 Nd6 33. Qc2 h5 {It is Black, who first activates his bad B.} 34. Kh1 {
/\ Bg1} Bh6 35. Nf5 $6 {White pushes it too hard.} (35. c5 Bxe3 36. Rxe3 Nb5 {
allows Nd4}) 35... Nxf5 36. exf5 Qe7 37. Bg1 (37. Rxd8 Rxd8) 37... Rxd1 (37...
Qxb4 38. Rxe5 Rxd1 39. Qxd1 {- 37...Rd1}) 38. Qxd1 Qxb4 39. Rxe5 Qxc4 {Black
has won a P, but White's ^^ is already a threat.} (39... Qc3 40. Re7 Qxg3 41.
Qe1 Qxe1 42. Rxe1) 40. Bc5 (40. Re7 $5) 40... Rf7 41. Qd8+ Kh7 42. Be7 Bg7 43.
Re6 Qc1+ (43... Qxa2 $1 {taking the P was possible, for example:} 44. Kh2 Qb2
45. Bd6 Qc2 46. Re7 Rxe7 47. Qxe7 b5) 44. Kh2 Qb2 45. Bd6 Qc2 46. Re7 Rxe7 (
46... Qxa2 $1 {was again interesting.} 47. Be5 Ng8) 47. Qxe7 Qxf5 48. Qxb7 Qd7
$2 {This is a big mistake!} (48... Qe6 49. Qxc6 Qxa2) 49. Qxd7 Nxd7 50. Bxc6
Ne5 {Draw agreed, but why? White has a very strong ^^, and the a P is a good
target.} (50... Ne5 51. Be4+ $16) 1/2-1/2

[Event "Escaldes zt"]
[Site "Escaldes"]
[Date "1998.11.13"]
[Round "8"]
[White "Speelman, Jonathan S"]
[Black "Hebden, Mark"]
[Result "1-0"]
[WhiteElo "2600"]
[BlackElo "2590"]
[Annotator "Hazai,L"]
[PlyCount "95"]
[EventDate "1998.11.06"]
[EventType "swiss"]
[EventRounds "9"]
[EventCountry "AND"]
[SourceTitle "CBM 068"]
[Source "ChessBase"]
[SourceDate "1999.02.01"]
[SourceVersion "1"]
[SourceVersionDate "1999.02.01"]
[SourceQuality "1"]

1. d4 Nf6 2. Nf3 g6 3. Bg5 Bg7 4. Nbd2 O-O (4... d5 {is more popular against
e2-e4.}) 5. e3 (5. e4 {is more agressive here, that is the reason, why many
players opt for 4...d5.}) 5... d6 6. Bc4 {provoking d6-d5.} Nbd7 {Black has
another setup in his mind.} 7. O-O h6 8. Bh4 Qe8 9. c3 e5 10. e4 Nb6 11. Bb3
Nh5 12. Re1 Bf6 {From strategical point of view this exchange helps for Black
because of the central P formation.} 13. Bxf6 (13. Bg3 {Avoiding the exchange
of the bishops is not very good:} Nxg3 14. hxg3 Qe7) 13... Nxf6 14. a4 a5 15.
Qb1 Nh5 $6 ({The simple} 15... Be6 {was good enough for equality:} 16. Qa2 Bxb3
17. Qxb3 Qe7 $11) 16. Qa2 Qe7 (16... Nf4 17. g3) 17. Qa3 Qf6 $2 {[%mdl 8192]
This ''natural'' move blunders a P at once.} (17... Re8 {was safe and easy.})
18. dxe5 dxe5 19. Qc5 $1 $18 Re8 20. Qxc7 Re7 21. Qc5 Nf4 22. Qe3 {From the
last seven moves six was made by the Q, and now she comes back with a P up.}
Bg4 23. g3 Nh3+ 24. Kg2 Rd8 25. Nc4 Nxc4 26. Bxc4 Rd6 {[#]} 27. Bd5 $6 {
Perhaps this is a blunder, too?} (27. Rad1 $1 Bxf3+ (27... Rxd1 28. Rxd1 Ng5
29. Rd8+ $18) (27... Red7 28. Rxd6 Rxd6 29. Bd5 Bxf3+ 30. Qxf3 Qxf3+ 31. Kxf3
Rf6+ 32. Kg2 Nxf2 33. Rf1 Ng4 34. Rxf6 Nxf6 35. Bxb7 $18) 28. Qxf3 Qxf3+ 29.
Kxf3 Rf6+ 30. Kg2 Nxf2 31. Rd2 Ng4 32. h3 $18) (27. Rf1 $5 {defending >< f2
doesn't look very encouraging, but it is also playable.}) 27... Bxf3+ 28. Qxf3
Qxf3+ 29. Kxf3 Rf6+ 30. Kg2 Nxf2 31. Re2 Nd3 32. Rd2 Nc5 33. b4 axb4 {This
creates the possibility of a remote passed P.} (33... Na6 34. bxa5 Nc5 35. Rb2
Rc7 {was an alternative with chances for a successful blockade.}) 34. cxb4 Na6
(34... Ne6 $5) 35. b5 Nb4 $2 (35... Nc5 $2 36. a5) (35... Nc7 36. Bc4 b6 37.
Rd8+ Kg7 38. Rad1 Ne6 39. Bxe6 Rfxe6 {was the most persistant defence foe
Black.}) 36. a5 Nxd5 37. Rxd5 Rfe6 38. Rd8+ Kg7 (38... Re8 39. Rd7 (39. Rxe8+
Rxe8 40. a6 bxa6 41. bxa6 f5) 39... R6e7 40. Rxe7 Rxe7 41. Rc1 Rd7 42. Rc5) 39.
Ra2 {The black rooks are extremely passive, and White will create a decisive
o^ on the <<.} h5 40. h4 f5 41. Rb2 Rf6 42. b6 $18 Rff7 43. Rb8 fxe4 44. a6
bxa6 45. b7 e3 46. Rg8+ Kxg8 47. b8=Q+ Kg7 48. Qd6 1-0

[Event "EU-chT (Men) 15th"]
[Site "Gothenburg"]
[Date "2005.08.05"]
[Round "7.2"]
[White "Papaioannou, Ioannis"]
[Black "Nevednichy, Vladislav"]
[Result "1-0"]
[WhiteElo "2578"]
[BlackElo "2583"]
[Annotator "Hazai,L"]
[PlyCount "127"]
[EventDate "2005.07.30"]
[EventType "team-swiss"]
[EventRounds "9"]
[EventCountry "SWE"]
[SourceTitle "CBM 109"]
[Source "ChessBase"]
[SourceDate "2005.11.14"]
[SourceVersion "1"]
[SourceVersionDate "2005.11.14"]
[SourceQuality "1"]
[WhiteTeam "Greece"]
[BlackTeam "Romania"]
[WhiteTeamCountry "GRE"]
[BlackTeamCountry "ROU"]

1. d4 Nf6 2. Nf3 g6 3. Bg5 Bg7 4. Nbd2 O-O 5. c3 d6 6. e3 {This is the
rock-solid method.} (6. e4 {leads to more lively game.}) 6... c5 7. Bd3 (7. Be2
{is more usual.}) 7... Nc6 (7... b6 {/\ Bb7, Nbd7 is the other way of
development.}) 8. O-O Qc7 $6 (8... cxd4 9. exd4 {Black has fixed the central P
strucrure for a while. His counterplay is usually based against the g5 B.} h6 (
9... Be6 {Black wants to play only with pieces...} 10. Re1 Qb6 11. a4 (11. b3
$5) 11... Rfc8 (11... Qxb2 $2 {loses the Q after} 12. Rxe6 $1 fxe6 13. Nc4 Qxc3
14. Rc1 Qb4 15. Bd2 $18) 12. b4 {This advance on the << weakens the c file.}
Nd5 $5 (12... Bd5 {runs into the advance of the c P.} 13. Rc1 {/\ b5, c4} Qc7
14. b5 Na5 15. c4 Bxf3 16. Qxf3 Re8 17. c5 {and White's << pawns are very
frightening.} dxc5 18. dxc5 $16 {Neverov-Kruppa, Lvov 1985})) 10. Bh4 g5 (10...
Nh5 {fighting for >< f4} 11. Re1 f5 {Black's strategy is based on the capture
of the h4 B, but the h5 N is also vulnerable.} (11... g5 {is very dangerous,
for example:} 12. Nxg5 $1 Nf4 $1 13. Bh7+ $1 Kh8 14. Bc2 hxg5 15. Bxg5 Ng6 16.
Qh5+ Kg8 17. Nf3 $44) 12. d5 Ne5 13. Bf1 Nxf3+ 14. Qxf3 Nf6 15. Bxf6 $1 {
and the weaknesses in the black camp begin to tell.} Bxf6 16. a4 Bd7 17. Bb5
Bxb5 18. axb5 Qb6 19. Qd3 $14 {Kacheishvili-Pierrot, Roque Saenz Pena 1997})
11. Bg3 Nh5 12. d5 Nxg3 13. hxg3 Ne5 {Black has serious weaknesses, but the
fianchettoed B is very strong.} 14. Nxe5 dxe5 (14... Bxe5 15. Qh5 Bg7 16. Rae1
$14) 15. Bc4 (15. Qb3 e6 16. Bc4 exd5 17. Bxd5 Qc7 $13) 15... b5 (15... f5 16.
g4 fxg4 17. Ne4 $44 {Zomer-S.Ernst, Vlissingen 2002}) 16. Bb3 Bb7 {and Black's
^^ will compensate the weakened P structure.}) (8... h6 9. Bxf6 (9. Bh4 cxd4
10. exd4 {- 8...cxd4}) 9... exf6 {Black's P structure will be corrupted anyway,
but now he keeps the ^^.} (9... Bxf6 $6 {is punished by} 10. dxc5 $1 dxc5 11.
Ne4 $14) 10. Qc2 (10. Qb3 f5) 10... f5 11. Rad1 (11. dxc5 $6 {gives up the [+]
in vain.} dxc5 12. Rfd1 Qc7 $13 {Armas-G.Hernandez, Merida 1997}) 11... Qe7 12.
Rfe1 {with a complex middlegame position.}) 9. a3 {/\ b4 in some case and cxd4
can also be answered by cxd4 because Nb4 is not a threat.} (9. Re1 h6 (9... Nd8
$5 {/\ Ne6 is an original manoeuvre activating the N.} 10. dxc5 (10. e4 Ne6 {
and the B has problems.} 11. Bh4 (11. Be3 Ng4) (11. Bxf6 Bxf6) 11... Nh5 {
>< f4 is one of the main targets here.} 12. e5 Nef4 13. exd6 exd6 14. Re7 Qc6
15. Bc4 b5 16. Bf1 Be6 $132 {Vandervorst-Milov, France 2003}) 10... dxc5 11.
Bf4 $14 {saves the vital dark-squared B.}) 10. Bh4 {is similar to the previous
notes.}) (9. h3 cxd4 10. exd4 h6 11. Bf4 (11. Bh4 Nh5) 11... e5 12. Bh2) 9...
b6 ({In case of} 9... cxd4 10. cxd4 {looks consequent.} (10. exd4 h6) 10... h6
11. Bh4 {- 9...h6}) (9... h6 10. Bh4 {Inserting} cxd4 {deserves attention.} (
10... g5 11. Bg3 Nh5 {is the "normal" plan secuting the ^^. However ther
weakening of the light squartes on the >> has to be taken into account.} 12. d5
Nxg3 13. hxg3 (13. fxg3 $5 {opens also the f <-> for the ->.} Ne5 14. Nxe5 Bxe5
15. Qh5 Bg7 16. h4 $36) 13... Ne5 14. Nxe5 dxe5 15. e4 $14 {with a nasty
pressure on the weakened light squares.}) 11. exd4 (11. cxd4 g5 12. Bg3 Nh5)
11... g5 12. Bg3 Nh5) 10. Rc1 (10. b4 cxd4 11. cxd4 {looks consequent.}) 10...
h6 11. Bh4 e5 (11... g5 12. Bg3 Nh5 13. d5 (13. Nxg5 Nxg3 14. fxg3 hxg5 15. Qh5
{looks dangerous, but Black has enough defensive resources.} f5 16. g4 e6 17.
gxf5 Qf7 18. Qxg5 exf5) 13... Nxg3 14. fxg3 $1 {White has to attack on the >>
by all means.} Ne5 15. Nxe5 Bxe5 16. Qh5 Bg7 17. h4 $1 gxh4 18. gxh4 $36) 12.
b4 (12. dxe5 dxe5 (12... Nxe5 $6 13. Nxe5 dxe5 14. Bxf6 Bxf6 {runs into the
double -> after} 15. Qf3 Bg7 16. Qxa8 Bb7 17. Qxa7 Ra8 18. Qxa8+ Bxa8 19. Rfd1
$16) 13. Bxf6 Bxf6 14. e4 $14 {trying to exploit the weaknesses of the light
squares, although instead of a3 and Rc1 a4 and Ra1 would help much better.})
12... Ne7 $6 {The N is not good on c6, but even worse on e7.} (12... Be6 $5)
13. bxc5 $1 {Now White grabs the |^ on the light squares by the typical
exchange manoeuvre.} bxc5 14. dxe5 $1 dxe5 15. Bxf6 $1 {This is the point, the
f6 B remains passive, >< c4, and d5 are the premier targets.} Bxf6 16. e4 $14
Rb8 {This is not so important.} ({The natural-looking} 16... Bb7 17. Qe2 Rad8 {
was required.}) 17. Qc2 Bg7 18. Rb1 Ra8 $6 {Black's R manoeuvre is not
impressive at all!} (18... Bd7) 19. Qa4 $5 {It is far from easy to exploit the
weakness of the light squares.} (19. Bc4 Kh8 {/\ f5 creating some counterplay
on the >>.} 20. Rfe1 (20. Rfd1 f5) 20... f5 21. Qb3 Rd8 22. Be6 Ba6 $1 {
avoiding the exchange of the vital light-squared B.}) (19. Nc4 Be6 {and the d3
B is not playing.}) (19. Rfd1 f5) ({The prophylactic} 19. Rfe1 $5 {deserves
attention to put pressure on e5 if f7-f5 comes.} Kh8 (19... f5 20. Nc4 $14) 20.
h3 $14 {and f7-f5 is still not a threat.}) 19... Kh8 {/\ f5 in case} (19... Bd7
20. Bb5) (19... f5 20. Qc4+ Kh8 21. Nb3 {and suddenly >< c5 is a target, too.})
20. Nc4 f5 $2 {This pseudo-aggressive move helps only for White.} (20... Rd8
21. Rfd1 (21. Be2 Be6 22. Qa5 Qc6) 21... Bg4) 21. Qa5 {White is happy to steer
towards a better _|_ avoiding Black's attacking plans.} (21. Nb6 Rb8 22. Nxc8
Rfxc8 23. Qc4 $14 {and the ^- helps only for White.}) 21... Qxa5 22. Nxa5 g5 $6
{Black continues his aggressive plan.} (22... Rd8 23. Rfd1 Be6 {keeping the
tension was safer, although after} 24. Nb7 $14 {the weaknesses on the light
squares begin to tell.}) 23. exf5 $1 {If White can blockade the vital e4
square the fianchettoed B remains half-dead.} Bxf5 24. Bxf5 Nxf5 25. Nd2 $1 Nd6
26. Nb7 $1 Nxb7 27. Rxb7 $16 {White has a strong N versus bad B _|_ with a R
penetrated on the 7-th rank.} Rf4 $1 {Black has to find an active counterolay.}
28. f3 Ra4 29. Ne4 $1 {[%mdl 2048] White sacrifices the a P, but activates his
pieces at the maximum.} (29. Ra1 {is simply ugly.} g4 30. Ne4 gxf3 31. gxf3 $16
) 29... Rxa3 30. Rd1 {/\ Rdd7 with the absolute rule over the 7-th rank.} Ra6 (
30... a5 31. Rdd7 Rg8 32. Nf6 Rf8 33. Ng4 $18 {with an irresistable ->.}) 31.
Rdd7 Rg6 32. Rxa7 Rxa7 33. Rxa7 $18 {The _|_ is completely lost, the white
pieces dominate the board.} g4 34. Kf2 h5 35. Nxc5 gxf3 36. Kxf3 Rf6+ 37. Ke2
Rg6 38. g3 e4 39. Nxe4 h4 40. Rc7 Be5 41. Rc8+ Kg7 42. Kf3 hxg3 43. hxg3 Kf7
44. Rc5 Bg7 45. Rc7+ Ke8 46. g4 Bf8 47. Rc8+ Kf7 48. Kf4 Ra6 49. c4 Ra1 50.
Ng5+ Ke7 51. Ne4 Rc1 52. Kg5 Kf7 53. Rc7+ Ke6 54. Kg6 Ke5 55. Nf6 Bd6 56. Rc6
Ba3 57. g5 Rg1 58. Nd7+ Kd4 59. c5 Bc1 60. Rd6+ Kc4 61. c6 Bxg5 62. Kf5 Kb5 63.
c7 Rc1 64. Rd5+ 1-0

[Event "Capablanca Memorial Elite 36th"]
[Site "Havana"]
[Date "2001.05.07"]
[Round "3"]
[White "Miles, Anthony John"]
[Black "Nataf, Igor Alexandre"]
[Result "1-0"]
[WhiteElo "2562"]
[BlackElo "2552"]
[Annotator "Hazai,L"]
[PlyCount "37"]
[EventDate "2001.05.05"]
[EventType "tourn"]
[EventRounds "12"]
[EventCountry "CUB"]
[EventCategory "13"]
[SourceTitle "CBM 084"]
[Source "ChessBase"]
[SourceDate "2001.09.13"]
[SourceVersion "1"]
[SourceVersionDate "2001.09.13"]
[SourceQuality "1"]

1. d4 Nf6 2. Nf3 g6 3. c3 Bg7 4. Bg5 O-O 5. Nbd2 d6 6. e4 c5 7. d5 h6 (7... e6
{- Krasenkov-Bologan, Shanghai 2000 CBM 75}) 8. Bh4 e6 9. dxe6 Bxe6 10. Bc4 $1
{This is the best /^ for the B fighting for >< d5.} (10. Bd3 {The B is
vulnerable here.} Nc6 11. O-O g5 12. Bg3 Nh5 13. Nxg5 $5 Qxg5 14. f4 Qg6 15. f5
Qg5 16. Nf3 Qe3+ 17. Bf2 Qf4 $13 {Rodriguez Vargas-V.Georgiev, Benasque 1997})
(10. Be2 {is somewhat passive.} Nc6 11. O-O Re8 12. Re1 a6 13. a4 Rb8 14. Bf1
b5 15. axb5 axb5 16. h3 Qb6 17. Bg3 Rbd8 $13 {Dvoirys-Mi.Tseitlin, St
Petersburg 2000}) 10... d5 $1 {This is the typical freeing move here.} (10...
Bxc4 {is strongly met by the intermediate move} 11. Bxf6 $1 {and after} Qxf6
12. Nxc4 Qe6 13. Qd5 Qxd5 14. exd5 Re8+ 15. Kd2 {White has a slight _|_
advantage because of the >< d6 and the bad B.} Bf8 16. Rae1 Nd7 17. Rxe8 Rxe8
18. Re1 Rb8 (18... Rxe1 19. Nxe1 {Without rooks White's advantage is
undeniable.} Nb6 20. Ne3 h5 21. Kd3 Bh6 22. Nc4 Nxd5 23. Nxd6 $16 {A.
Spielmann-Szylar, Cannes 1995}) 19. a4 Nf6 20. Ne3 a6 21. Kd3 {White's K is
more active than his colleague.} h5 22. Nd2 b5 23. axb5 axb5 24. Ra1 $14 {
occupying the vital a <->, Rodriguez Vargas-Barbero, Benasque 1993.}) 11. exd5
Bxd5 12. O-O Nc6 (12... Re8 $5 {It is important, who can occupy first the e
<->, as we can see it from the game.}) 13. Qc2 (13. Re1 $5) 13... Na5 14. Bxd5
Qxd5 15. Rad1 Qh5 $2 {[%mdl 8192] The Q is very vulnerable here.} (15... Qc6 {
was the persistant defence, for example:} 16. Ne5 Qc7 17. Ndf3 (17. Ndc4 $143 {
exchanges Black's bad N on the edge of the board.} Nxc4 18. Nxc4 Qf4 19. Bxf6
Qxc4 20. Bxg7 {1/2-1/2 Miles-Atalik, Szeged 1997}) 17... Rad8 (17... Nc6 $2 18.
Bxf6 Bxf6 19. Nd7 $18) 18. Qa4 Nc6 (18... g5 $6 19. Bg3 Nh5 {founders on the
tactical blow} 20. Nxf7 $1 Qxf7 (20... Nxg3 $2 21. Nxd8 Nxf1 22. Ne6 $18) 21.
Rxd8 Rxd8 22. Qxa5 $16) 19. Nxc6 bxc6 20. Qc4 Rxd1 21. Rxd1 {Black's doubled
pawns secure small, but durable advantage for White in the _|_.} Rd8 22. Re1
$14 {Miles-Gallagher, England 2000}) 16. Qa4 Nc6 17. Bxf6 Bxf6 18. Ne4 Be7 $4 {
This loses outright, but it is difficult to give a good advice.} (18... Qf5 19.
Rd5 $16) 19. Ng3 {and the Q is trapped.} 1-0